Welfare economics and the economics of socialism : towards a commonsense critique

محفوظ في:
التفاصيل البيبلوغرافية
المؤلف الرئيسي: Dobb, Maurice
التنسيق: كتاب
منشور في: London : Cambridge U.P., c1969.
الموضوعات:
الوسوم: إضافة وسم
لا توجد وسوم, كن أول من يضع وسما على هذه التسجيلة!

MARC

LEADER 00000cam a2200000 4500
020 |a 0521074622  |c TZS 79/= 
040 |a MUL  |b eng  |e AACR 
082 0 0 |a 330.155 DOB 
100 1 |a Dobb, Maurice 
245 1 0 |a Welfare economics and the economics of socialism :  |b towards a commonsense critique  |c / Maurice Dobb. 
260 |a London :  |b Cambridge U.P.,  |c c1969. 
300 |a viii, 275 p. :  |b ill. ;  |c 23 cm. 
504 |a Bibliographical footnotes. 
546 |a eng 
650 0 |a Welfare economics. 
650 0 |a Socialism. 
942 |c BK 
999 |c 9437  |d 9437